| 000 | 00731nam a2200277Ia 4500 | ||
|---|---|---|---|
| 008 | 170712s9999 xx 000 0 und d | ||
| 020 | _a9789718161272 | ||
| 050 | _a328.59 | ||
| 050 | _bS235 2014 | ||
| 100 | _aSantiago, Miriam D. | ||
| 245 | _aStupid is forever / | ||
| 245 | _cby Miriam D. Santiago. | ||
| 260 | _aPhilippines : | ||
| 260 | _bABS-CBN Publiching, | ||
| 260 | _c2014 | ||
| 300 | _a132 pages : | ||
| 300 | _billustrations ; | ||
| 300 | _c18cm. | ||
| 650 | _aDefensor-Santiago, Miriam -- | ||
| 650 | _aPhilippines -- | ||
| 650 | _aPhilippines -- | ||
| 650 | _aTitle. | ||
| 650 | _xHumor. | ||
| 650 | _xPolitics and government -- 1986 -- Humor. | ||
| 650 | _xPolitics and government -- Humor. | ||
| 999 |
_c340447 _d340447 |
||